LEADER 01186cam1-2200373---450- 001 990002998640203316 005 20130513161253.0 035 $a000299864 035 $aUSA01000299864 035 $a(ALEPH)000299864USA01 035 $a000299864 100 $a20071024g----9999km-y0itay50------ba 101 0 $aita 102 $aIT 105 $aa---||||001yy 200 1 $a<> mondo bizantino 210 $aTorino$cEinaudi 215 $avolumi$cill.$d22 cm 454 1$12001$a<> monde byzantin$959311 463 \1$1001990002998660203316$12001 $a<<1>> : <> Impero romano d'Oriente (330-641) 463 \1$1001990003249550203316$12001 $a<<2.:>> <>Impero bizantino, 641-1204 463 \1$1001990005842180203316$12001 $a<<3>> : Bisanzio e i suoi vicini, 1204-1453 606 0 $aImpero d'Oriente$xStoria 676 $a949.5 801 0$aIT$bsalbc$gISBD 912 $a990002998640203316 951 $aIX.2. 163/1 2 3$bL.M.$cIX.2. 959 $aBK 969 $aUMA 979 $aIANNONE$b90$c20071024$lUSA01$h1041 979 $aIANNONE$b90$c20071024$lUSA01$h1050 979 $aPASSARO$b90$c20130513$lUSA01$h1612 996 $aMonde byzantin$959311 997 $aUNISA LEADER 01133nam0-2200349---450- 001 990009921230403321 005 20141201130151.0 010 $a88-495-0045-9 035 $a000992123 035 $aFED01000992123 035 $a(Aleph)000992123FED01 035 $a000992123 100 $a20141201d2001----km-y0itay50------ba 101 0 $aita 102 $aIT 105 $ac-------101yy 200 1 $aAtti dell'Accademia romanistica Costantiniana$e13. Convegno internazionale in memoria di André Chastagnol 210 $aNapoli$cESI$d2001 215 $a861 p.$c1 ritr.$d24 cm 225 1 $aUniversità degli studi di Perugia. Facoltà di giurisprudenza 610 0 $aChastagnol, André$aScritti in onore 610 0 $aDiritto romano$aAtti di congressi 610 0 $aImpero romano$aSec. 4.-5. 676 $a340.54$v21$zita 710 02$aAccademia romanistica Costantiniana$0240708 801 0$aIT$bUNINA$gRICA$2UNIMARC 901 $aBK 912 $a990009921230403321 952 $aCONGR. COSTANTINIANA 13$b2611$fNAP02 959 $aNAP02 996 $aAtti dell'Accademia romanistica costantiniana$9243398 997 $aUNINA LEADER 02695nam 2200697 a 450 001 9911004737303321 005 20200520144314.0 010 $a9781523132041 010 $a1523132043 010 $a9781680150971 010 $a1680150979 010 $a9780819483591 010 $a0819483591 024 7 $a10.1117/3.869055 035 $a(CKB)2670000000131879 035 $a(EBL)831642 035 $a(OCoLC)769743407 035 $a(SSID)ssj0000550626 035 $a(PQKBManifestationID)11381813 035 $a(PQKBTitleCode)TC0000550626 035 $a(PQKBWorkID)10524260 035 $a(PQKB)11075084 035 $a(MiAaPQ)EBC831642 035 $a(CaBNVSL)gtp00550531 035 $a(SPIE)9780819483591 035 $a(PPN)237233967 035 $a(Perlego)2605794 035 $a(EXLCZ)992670000000131879 100 $a20110728d2011 uy 0 101 0 $aeng 135 $aurbn||||m|||a 181 $ctxt 182 $cc 183 $acr 200 10$aEnhanced optical filter design /$fDavid Cushing 210 $aBellingham, Wash. $cSPIE Press$dc2011 215 $a1 online resource (168 p.) 225 0 $aSPIE ;$vv. PM 201 300 $aDescription based upon print version of record. 311 08$a9780819483584 311 08$a0819483583 320 $aIncludes bibliographical references and index. 327 $aBasics -- Methods of deposition and materials -- Antireflection coatings -- Multilayer films -- Dichroics -- Metal films and filters -- All-dielectric bandpass filters -- Optical monitoring -- Fully blocked visible filters -- Fully blocked ultraviolet filters -- Nonpolarizing reflection filters -- Nonpolarizing transmissive filters. 330 $aThis book serves as a supplement to the classic texts by Angus Macleod and Philip Baumeister, taking an intuitive approach to the enhancement of optical coating (or filter) performance. Drawing from 40 years of experience in thin film design, Cushing introduces the basics of thin films, the commonly used materials and their deposition, the major coatings and their applications, and improvement methods for each. 410 0$aSPIE Press monograph ;$vPM201. 606 $aOptical coatings 606 $aLight filters 606 $aOptical films 615 0$aOptical coatings. 615 0$aLight filters. 615 0$aOptical films. 676 $a621.36/9 700 $aCushing$b David$f1940-2009.$01861004 712 02$aSociety of Photo-Optical Instrumentation Engineers. 801 0$bMiAaPQ 801 1$bMiAaPQ 801 2$bMiAaPQ 906 $aBOOK 912 $a9911004737303321 996 $aEnhanced optical filter design$94467020 997 $aUNINA